[Event "7th American Continental (w)"]
[Site "Buenos Aires ARG"]
[Date "2014.03.27"]
[Round "7.6"]
[White "Gomez Camacho, Micaela"]
[Black "Feliciano Ebert, Vanessa"]
[Result "0-1"]
[WhiteElo "1938"]
[BlackElo "2244"]
[EventDate "2014.03.21"]
[PlyCount "142"]

1.e4 c5 2.Nf3 Nc6 3.d4 cxd4 4.Nxd4 Nf6 5.Nc3 e5 6.Ndb5 d6 7.Bg5 a6 8.Na3 
b5 9.Nd5 Be7 10.Bxf6 Bxf6 11.c4 b4 12.Nc2 a5 13.g3 Bg5 14.Bg2 O-O 15.O-O 
Be6 16.Qd3 Ne7 17.Nce3 Bxe3 18.Nxe3 Nc6 19.Rad1 Nd4 20.f4 f6 21.f5 Bf7 22.
Nc2 Nxc2 23.Qxc2 Qc7 24.b3 a4 25.Rd3 Ra6 26.Rfd1 axb3 27.axb3 Rfa8 28.Qd2 
Qc5+ 29.Qe3 Qxe3+ 30.Rxe3 Kf8 31.Bf3 Ra1 32.Rd3 Rxd1+ 33.Bxd1 Ra1 34.g4 
Ke7 35.Kf2 Ra2+ 36.Be2 h5 37.h3 h4 38.Ke1 Rb2 39.Kd1 Be8 40.Re3 Rb1+ 41.
Kd2 Rh1 42.Bd1 Bc6 43.Bc2 Rh2+ 44.Kd3 Kd7 45.Bd1 Rh1 46.Bc2 Kc7 47.Ke2 Kb6
48.Kd2 Kc5 49.Kd3 Bb7 50.Rf3 Re1 51.Re3 Rf1 52.Ke2 Rg1 53.Kd3 Rg2 54.Bd1 
Ba6 55.Be2 Rg1 56.Rf3 Ra1 57.Kd2 Ra2+ 58.Kd1 Bb7 59.Re3 Ba8 60.Bf1 Kd4 61.
Rd3+ Kxe4 62.Rxd6 Kf3 63.c5 Ra1+ 64.Kd2 Rxf1 65.c6 Rf2+ 66.Kc1 Bxc6 67.
Rxc6 e4 68.Re6 e3 69.Re7 Rf1+ 70.Kc2 e2 71.Kd2 Rd1+ 0-1

[Event "7th American Continental (w)"]
[Site "Buenos Aires ARG"]
[Date "2014.03.27"]
[Round "7.7"]
[White "Jorquera Cabello, Valentina"]
[Black "Zarate Oyague, Flor de Maria"]
[Result "0-1"]
[WhiteElo "2027"]
[BlackElo "1863"]
[EventDate "2014.03.21"]
[PlyCount "132"]

1.e4 c5 2.Nf3 d6 3.Bb5+ Nd7 4.c3 Nf6 5.Qe2 a6 6.Ba4 e6 7.Bc2 Be7 8.a4 b6 
9.O-O Bb7 10.d3 O-O 11.Re1 Rc8 12.Bg5 Qc7 13.Nbd2 Rfe8 14.Rac1 b5 15.axb5 
axb5 16.Nf1 Bc6 17.d4 Nb6 18.e5 Nfd7 19.Bxe7 Rxe7 20.Bxh7+ Kxh7 21.Ng5+ 
Kg8 22.Qh5 Nf8 23.dxc5 dxc5 24.Re3 f6 25.Nh3 Nd5 26.Re2 Be8 27.Qg4 Ng6 28.
exf6 Nxf6 29.Qg5 Rd8 30.Rce1 Rd5 31.Qc1 e5 32.Ne3 Rd3 33.Nf5 Red7 34.g3 
Qd8 35.Ne3 Ne4 36.Nf1 Nd2 37.Nxd2 Rxd2 38.Kg2 Rxe2 39.Rxe2 Rd1 40.Qc2 Qd3 
41.Qxd3 Rxd3 42.Ng5 Bc6+ 43.f3 Bd5 44.h4 Kf8 45.Kf2 Bc4 46.h5 Ne7 47.Rxe5 
Rd2+ 48.Kg1 Rxb2 49.Rxc5 Rc2 50.Ne4 Nd5 51.Nd6 Nxc3 52.Rc8+ Ke7 53.Nf5+ 
Kd7 54.Rb8 Ne2+ 55.Kh1 Kc7 56.Re8 b4 57.Re7+ Kb6 58.Rxg7 b3 59.Rg6+ Kc5 
60.Ne3 Rc1+ 61.Kh2 b2 62.Rg5+ Kb4 63.Rg7 b1=Q 64.Rb7+ Bb5 65.Kh3 Qb3 66.
Re7 Qg8 0-1

[Event "7th American Continental (w)"]
[Site "Buenos Aires ARG"]
[Date "2014.03.27"]
[Round "7.8"]
[White "Paredes Bustamante, Paula"]
[Black "Nejanky, Maisa"]
[Result "1/2-1/2"]
[WhiteElo "2018"]
[BlackElo "2024"]
[EventDate "2014.03.21"]
[PlyCount "163"]

1.e4 c5 2.Nf3 d6 3.c3 Nf6 4.Be2 g6 5.Qc2 Qc7 6.O-O Bg7 7.d3 O-O 8.Bf4 e5 
9.Bg3 Be6 10.Nbd2 d5 11.Bh4 Nh5 12.Ng5 Nf4 13.Bf3 dxe4 14.Nxe6 Nxe6 15.
Nxe4 Nd7 16.Qb3 h6 17.Be7 Rfe8 18.Bd6 Qb6 19.Qxb6 axb6 20.b4 Ra3 21.Rfc1 
f5 22.Nd2 e4 23.Nb1 Bxc3 24.Nxa3 Bxa1 25.Rxa1 exf3 26.gxf3 Nd4 27.Kg2 Re6 
28.bxc5 bxc5 29.Bf4 Kg7 30.Be3 Ra6 31.Rb1 b6 32.Nc4 Ne6 33.Bd2 Rxa2 34.
Bc3+ Kf7 35.Re1 Nf4+ 36.Kf1 Ne6 37.Nd6+ Ke7 38.Nc8+ Kf7 39.Nd6+ Ke7 40.
Nc8+ Kd8 41.Nxb6 Nf4 42.Nc4 Nxd3 43.Re3 Nf4 44.Ba5+ Kc8 45.Nd6+ Kb8 46.
Rb3+ Ka8 47.Bc3 Nd5 48.Be1 N7b6 49.Rb5 Rc2 50.Ba5 Nc4 51.Nb7 Nxa5 52.Nxa5 
Nb4 53.Ke1 Ra2 54.Kf1 Rb2 55.Ke1 Ka7 56.Nb3 Nd3+ 57.Kd1 Rxf2 58.Nxc5 Nxc5 
59.Rxc5 Kb6 60.Re5 Rxh2 61.Re6+ Kc5 62.Rxg6 Kd4 63.Re6 h5 64.Ke1 h4 65.Kf1
h3 66.Kg1 Rg2+ 67.Kf1 Ra2 68.Kg1 Rg2+ 69.Kf1 Rg3 70.Kf2 f4 71.Re4+ Kd3 72.
Rxf4 Rg2+ 73.Kf1 Ke3 74.Rh4 Rg3 75.f4 Ke4 76.Kf2 Rf3+ 77.Ke2 Ra3 78.Kf2 
Kf5 79.Kg1 Rf3 80.Kh2 Rxf4 81.Rxf4+ Kxf4 82.Kxh3 1/2-1/2

[Event "7th American Continental (w)"]
[Site "Buenos Aires ARG"]
[Date "2014.03.27"]
[Round "7.9"]
[White "Zepeda Cortez, Lorena"]
[Black "Vargas Talavera, Gabriela"]
[Result "1/2-1/2"]
[WhiteElo "2196"]
[BlackElo "2143"]
[EventDate "2014.03.21"]
[PlyCount "66"]

1.e4 e6 2.d4 d5 3.Nd2 Nc6 4.Ngf3 Nf6 5.e5 Nd7 6.c3 f6 7.exf6 Qxf6 8.Bd3 
Bd6 9.Nf1 e5 10.Ne3 Nb6 11.dxe5 Nxe5 12.Nxe5 Qxe5 13.f4 Qxf4 14.g3 Qf6 15.
Rf1 Qe5 16.Rf2 Bd7 17.Re2 O-O-O 18.Nf5 Qf6 19.Nxd6+ cxd6 20.Rf2 Qe5+ 21.
Kf1 Nc4 22.Kg1 g5 23.Re2 Qf6 24.Rf2 Qe7 25.Bxc4 dxc4 26.Qd5 h6 27.Qxc4+ 
Bc6 28.Be3 Rde8 29.Re1 Qd7 30.Rff1 Re4 31.Qf7 Rhe8 32.Qxd7+ Kxd7 33.Rf6 
R8e6 1/2-1/2

[Event "7th American Continental (w)"]
[Site "Buenos Aires ARG"]
[Date "2014.03.27"]
[Round "7.10"]
[White "Abarca Gonzalez, Damaris"]
[Black "Martyniuk, Carolina"]
[Result "1-0"]
[WhiteElo "2023"]
[BlackElo "1959"]
[EventDate "2014.03.21"]
[PlyCount "73"]

1.e4 g6 2.d4 Bg7 3.Nc3 d6 4.Be3 a6 5.a4 Nd7 6.Nf3 e5 7.Qd2 Ngf6 8.h3 Qe7 
9.dxe5 dxe5 10.Bd3 b6 11.O-O O-O 12.Bg5 Bb7 13.Rfe1 Qd6 14.Qe2 Rfe8 15.Nd2
h6 16.Nc4 Qf8 17.Bc1 Nc5 18.b3 Nxd3 19.Qxd3 Rad8 20.Qe3 Qe7 21.Ba3 Qe6 22.
Rad1 Rd4 23.f3 Red8 24.Qc1 b5 25.axb5 axb5 26.Nxb5 Rxd1 27.Rxd1 Rxd1+ 28.
Qxd1 Qa6 29.Nxc7 Qa7+ 30.Kh2 Bxe4 31.Qd8+ Kh7 32.fxe4 Nxe4 33.Qd5 f5 34.
Ne6 Qf2 35.Qd3 Qe1 36.Qe3 Qf1 37.Qa7 1-0

[Event "7th American Continental (w)"]
[Site "Buenos Aires ARG"]
[Date "2014.03.27"]
[Round "7.11"]
[White "Flores, Nancy"]
[Black "Carraro, Denise"]
[Result "0-1"]
[WhiteElo "1983"]
[BlackElo "2082"]
[EventDate "2014.03.21"]
[PlyCount "100"]

1.Nf3 Nf6 2.g3 b5 3.Bg2 Bb7 4.d4 e6 5.Qd3 a6 6.Nbd2 d5 7.b3 c5 8.dxc5 Bxc5
9.Bb2 Nc6 10.a3 Rc8 11.O-O b4 12.a4 Qe7 13.Ne5 Nxe5 14.Bxe5 O-O 15.e3 Ng4 
16.Bb2 e5 17.Qe2 Qg5 18.Nf3 Qh5 19.h3 Nxe3 20.Bc1 e4 21.Nh2 Qg6 22.Bxe3 d4
23.Bf4 Rfe8 24.Qg4 Bb6 25.a5 Qxg4 26.Nxg4 Bd8 27.Rfd1 f5 28.Ne5 g5 29.Nc4 
Rxc4 30.bxc4 gxf4 31.gxf4 Be7 32.Rdb1 Bc5 33.Kh2 Re7 34.Rb3 Bc6 35.Rg1 Rg7
36.Rg3 Rxg3 37.Kxg3 Ba4 38.Kh4 Kf7 39.Rc1 d3 40.cxd3 exd3 41.Bf3 Bc2 42.
Kg5 b3 43.Bh5+ Kg7 44.Rh1 b2 45.Kxf5 d2+ 46.Ke6 d1=Q 47.Bxd1 b1=Q 48.Bf3 
Qb8 49.Rg1+ Kf8 50.Be4 Bxe4 0-1

[Event "7th American Continental (w)"]
[Site "Buenos Aires ARG"]
[Date "2014.03.27"]
[Round "7.12"]
[White "Sanchez Castillo, Sarai"]
[Black "Meza, Anahi"]
[Result "1-0"]
[WhiteElo "2226"]
[BlackElo "2078"]
[EventDate "2014.03.21"]
[PlyCount "73"]

1.e4 c5 2.Nf3 Nc6 3.d4 cxd4 4.Nxd4 g6 5.Nc3 Bg7 6.Be3 Nf6 7.Bc4 O-O 8.Bb3 
a5 9.a4 Ng4 10.Qxg4 Nxd4 11.Qh4 Nxb3 12.cxb3 d6 13.Nd5 f6 14.Rc1 Be6 15.
Bb6 Qe8 16.Nc7 Rc8 17.Nxe8 Rxc1+ 18.Kd2 Rxh1 19.Nxg7 Kxg7 20.Qg3 Rc8 21.
Bxa5 Rcc1 22.h3 Kf7 23.Qe3 Rb1 24.Bc3 Rbc1 25.Qb6 Rcg1 26.Qxb7 Rxg2 27.Bd4
Rgg1 28.Be3 Bxh3 29.Kc2 Bg4 30.a5 Ra1 31.a6 Ra5 32.a7 Rha1 33.b4 R5a4 34.
b5 Bf3 35.Qd5+ Kg7 36.b6 Rxe4 37.b7 1-0

[Event "7th American Continental (w)"]
[Site "Buenos Aires ARG"]
[Date "2014.03.28"]
[Round "8.1"]
[White "Lujan, Carolina"]
[Black "Cori Tello, Deysi"]
[Result "1-0"]
[WhiteElo "2375"]
[BlackElo "2428"]
[EventDate "2014.03.21"]
[PlyCount "81"]

1.e4 e6 2.d4 d5 3.exd5 exd5 4.Bf4 Ne7 5.Bd3 Ng6 6.Bg3 Bd6 7.Ne2 O-O 8.Qd2 
f5 9.Bxd6 Qxd6 10.h4 Re8 11.Nc3 c6 12.O-O-O b5 13.h5 Nf8 14.Qf4 Qf6 15.Ng3
Ne6 16.Qxf5 Qh6+ 17.Kb1 Nd7 18.Rhe1 Nf6 19.Qf3 Bd7 20.Nf5 Qxh5 21.g4 Qg5 
22.Re5 Qf4 23.Qh1 Ng5 24.Ne2 Qxg4 25.Rg1 Qh3 26.Qxh3 Nxh3 27.Rxg7+ Kh8 28.
Rg3 Nxf2 29.Nd6 Rf8 30.Re7 N2e4 31.Bxe4 Nxe4 32.Nxe4 dxe4 33.Rxd7 Rf1+ 34.
Nc1 Raf8 35.Rgg7 Rh1 36.Rge7 Rh4 37.b4 a6 38.Kb2 Rg8 39.Nb3 Rh2 40.Nc5 h5 
41.Nxe4 1-0

[Event "7th American Continental (w)"]
[Site "Buenos Aires ARG"]
[Date "2014.03.28"]
[Round "8.2"]
[White "Amura, Claudia"]
[Black "Arribas Robaina, Maritza"]
[Result "1/2-1/2"]
[WhiteElo "2305"]
[BlackElo "2313"]
[EventDate "2014.03.21"]
[PlyCount "29"]

1.d4 Nf6 2.c4 e6 3.Nc3 d5 4.cxd5 exd5 5.Bg5 Be7 6.e3 O-O 7.Bd3 Nbd7 8.Nf3 
Re8 9.O-O Nf8 10.Qc2 c6 11.Ne5 Ng4 12.Bxe7 Qxe7 13.Nxg4 Bxg4 14.a3 Qh4 15.
Bf5 1/2-1/2

[Event "7th American Continental (w)"]
[Site "Buenos Aires ARG"]
[Date "2014.03.28"]
[Round "8.3"]
[White "Chumpitaz Carbajal, Ann"]
[Black "Zuriel, Marisa"]
[Result "0-1"]
[WhiteElo "2189"]
[BlackElo "2225"]
[EventDate "2014.03.21"]
[PlyCount "128"]

1.d4 d5 2.Nf3 Nf6 3.c4 e6 4.Nc3 Be7 5.Bf4 O-O 6.e3 b6 7.cxd5 exd5 8.Be2 
Bb7 9.h3 Nbd7 10.O-O a6 11.Qb3 c5 12.dxc5 Nxc5 13.Qd1 Nfe4 14.Rc1 Rc8 15.
Nd4 Bf6 16.Bg4 Nxc3 17.Rxc3 Ne4 18.Rd3 Rc4 19.b3 Rc5 20.Nf5 a5 21.f3 Nc3 
22.Qd2 Ba6 23.Bd6 Bxd3 24.Qxd3 g6 25.Bxf8 Kxf8 26.Ng3 h5 27.Bxh5 gxh5 28.
Nxh5 d4 29.Nxf6 Qxf6 30.exd4 Qxd4+ 31.Qxd4 Ne2+ 32.Kh2 Nxd4 33.Rd1 Nf5 34.
Rd2 Ne3 35.Re2 Nf1+ 36.Kg1 Ng3 37.Rd2 Ke7 38.Kf2 Nf5 39.g4 Nd6 40.h4 b5 
41.h5 f6 42.Kg3 a4 43.bxa4 bxa4 44.h6 Rc8 45.Rd4 Rh8 46.Rxa4 Rxh6 47.Ra7+ 
Ke6 48.a4 Rh1 49.f4 Ra1 50.Ra5 Rg1+ 51.Kf3 Rf1+ 52.Kg3 Ne4+ 53.Kh3 Rxf4 
54.Ra8 Kf7 55.a5 Rf3+ 56.Kh2 Rf2+ 57.Kh3 Rf3+ 58.Kh2 Ra3 59.a6 Kg7 60.a7 
Ng5 61.Kg2 Nf7 62.Kf1 Nh6 63.Rb8 Rxa7 64.Rb4 Ra2 0-1

[Event "7th American Continental (w)"]
[Site "Buenos Aires ARG"]
[Date "2014.03.28"]
[Round "8.4"]
[White "Sanchez Zambrano, Vanessa"]
[Black "Martinez, Ayelen"]
[Result "0-1"]
[WhiteElo "1913"]
[BlackElo "2109"]
[EventDate "2014.03.21"]
[PlyCount "70"]

1.d4 Nf6 2.Nf3 g6 3.c4 Bg7 4.Nc3 O-O 5.e4 d6 6.Be2 c6 7.O-O e5 8.d5 Na6 9.
Qc2 Qe7 10.a3 c5 11.Rb1 b6 12.b4 Nh5 13.Re1 f5 14.exf5 gxf5 15.Bg5 Nf6 16.
Bf1 Qf7 17.Nb5 Ne8 18.Rb3 Bd7 19.Nd2 h6 20.Bh4 Kh8 21.Nc3 Nf6 22.g3 Rg8 
23.Bg2 Rae8 24.Rbb1 e4 25.Nf1 cxb4 26.axb4 Ng4 27.Ne3 Ne5 28.Qa2 Nxb4 29.
Rxb4 Nd3 30.Reb1 Bxc3 31.R4b3 Bd4 32.Qxa7 f4 33.Ng4 Rxg4 34.Rxd3 exd3 35.
Rd1 fxg3 0-1

[Event "7th American Continental (w)"]
[Site "Buenos Aires ARG"]
[Date "2014.03.28"]
[Round "8.5"]
[White "Feliciano Ebert, Vanessa"]
[Black "Zarate Oyague, Flor de Maria"]
[Result "1-0"]
[WhiteElo "2244"]
[BlackElo "1863"]
[EventDate "2014.03.21"]
[PlyCount "65"]

1.e4 c5 2.Nf3 d6 3.Bb5+ Nd7 4.O-O Nf6 5.d4 a6 6.Bxd7+ Nxd7 7.e5 e6 8.dxc5 
Nxc5 9.b4 Ne4 10.Qd4 d5 11.Nbd2 Nxd2 12.Bxd2 Be7 13.Qg4 Kf8 14.Nd4 h5 15.
Qe2 Qc7 16.f4 g6 17.c3 Bd7 18.a4 Kg7 19.Rfc1 Qc4 20.Qe3 Rac8 21.Be1 Qc7 
22.Bf2 Qd8 23.Qe1 Rc4 24.Be3 Qc7 25.Nf3 Rc8 26.f5 exf5 27.Bd4 Be6 28.Nd2 
Bxb4 29.Nxc4 Qxc4 30.Qf1 Ba5 31.Rab1 Qxa4 32.Rxb7 Qa3 33.Ra1 1-0

[Event "7th American Continental (w)"]
[Site "Buenos Aires ARG"]
[Date "2014.03.28"]
[Round "8.6"]
[White "Nejanky, Maisa"]
[Black "Aliaga Fernandez, Ingrid"]
[Result "0-1"]
[WhiteElo "2024"]
[BlackElo "2185"]
[EventDate "2014.03.21"]
[PlyCount "76"]

1.e4 c5 2.Nf3 e6 3.Nc3 a6 4.d4 cxd4 5.Nxd4 Qc7 6.Bd3 Nf6 7.O-O d6 8.f4 Be7
9.Qf3 O-O 10.Be3 Nc6 11.Nb3 Nd7 12.Qh3 Nb4 13.f5 Ne5 14.f6 Bxf6 15.Rxf6 
gxf6 16.Bh6 Qb6+ 17.Kh1 Nbxd3 18.Qg3+ Ng6 19.cxd3 Kh8 20.Bxf8 Nxf8 21.Rf1 
Qd8 22.d4 Qe7 23.e5 dxe5 24.dxe5 f5 25.Nd4 Ng6 26.Nf3 Bd7 27.h4 Rg8 28.h5 
Nf8 29.Qe1 Bc6 30.Ne2 Nd7 31.Ned4 Bd5 32.Qd2 Be4 33.Rc1 Nb6 34.Qa5 Nd5 35.
b4 Qf8 36.b5 Qh6 37.Qe1 Nf4 38.Kg1 Nd3 0-1

[Event "7th American Continental (w)"]
[Site "Buenos Aires ARG"]
[Date "2014.03.28"]
[Round "8.7"]
[White "Carraro, Denise"]
[Black "Paredes Bustamante, Paula"]
[Result "0-1"]
[WhiteElo "2082"]
[BlackElo "2018"]
[EventDate "2014.03.21"]
[PlyCount "112"]

1.e4 c5 2.Nf3 e6 3.d3 Nc6 4.g3 g6 5.d4 d5 6.exd5 Qxd5 7.Nc3 Qd8 8.Be3 cxd4
9.Nxd4 Be7 10.Nxc6 bxc6 11.Bg2 Bd7 12.Bd4 f6 13.Qe2 Rb8 14.Ne4 e5 15.Bc3 
Bf5 16.Rd1 Qc7 17.O-O Nh6 18.Qd2 Nf7 19.Ba5 Qc8 20.Qc3 O-O 21.Nc5 Kg7 22.
Rd2 Nd6 23.a4 Nf7 24.b3 Ng5 25.Rfd1 Rf7 26.Nd7 Bb4 27.Bxb4 Bxd7 28.Bd6 Ra8
29.Bxe5 fxe5 30.Qxe5+ Kh6 31.Qe3 Qe8 32.h4 Qxe3 33.fxe3 Nf3+ 34.Bxf3 Rxf3 
35.Rxd7 Rxg3+ 36.Kf2 Rh3 37.R1d2 Rxh4 38.Kg3 Re4 39.Kf3 Rae8 40.R2d3 R8e7 
41.R7d6 c5 42.c4 R4e5 43.R6d5 Kg5 44.Rxe5+ Rxe5 45.Rd7 h5 46.Rxa7 h4 47.
Rh7 Re6 48.e4 Rb6 49.e5 Kf5 50.Rxh4 Rxb3+ 51.Ke2 Kxe5 52.Rg4 Kf5 53.Rg1 
Ra3 54.Rf1+ Ke4 55.Rg1 Ra2+ 56.Kf1 Kf3 0-1

[Event "7th American Continental (w)"]
[Site "Buenos Aires ARG"]
[Date "2014.03.28"]
[Round "8.8"]
[White "Guzman, Paola"]
[Black "Abarca Gonzalez, Damaris"]
[Result "0-1"]
[WhiteElo "1902"]
[BlackElo "2023"]
[EventDate "2014.03.21"]
[PlyCount "132"]

1.d4 d5 2.Nf3 e6 3.Bf4 Bd6 4.Bxd6 cxd6 5.c3 Nf6 6.Nbd2 O-O 7.e3 Re8 8.Be2 
Nbd7 9.O-O Nf8 10.c4 dxc4 11.Nxc4 b5 12.Ncd2 Qb6 13.Qb3 Bd7 14.Qd3 e5 15.
Ne4 Nxe4 16.Qxe4 Bc6 17.d5 Bd7 18.Rfd1 Rac8 19.Rac1 b4 20.Rc4 Rxc4 21.Bxc4
Rc8 22.b3 a5 23.Qb1 a4 24.Qb2 Bg4 25.Rc1 Bxf3 26.gxf3 a3 27.Qc2 g6 28.Kh1 
Nd7 29.Rg1 Qc5 30.Qf5 Nb6 31.Qf6 Nxc4 32.bxc4 Qb6 33.f4 Rxc4 34.fxe5 Rc8 
35.e6 Qb7 36.e4 Rf8 37.Kg2 fxe6 38.Qxe6+ Qf7 39.Qxf7+ Kxf7 40.Rb1 Rb8 41.
Rb3 Kf6 42.Kf3 g5 43.Kg4 Ke5 44.f3 h6 45.h4 gxh4 46.Kxh4 Rf8 47.Kg3 Rg8+ 
48.Kh3 Kf4 49.Rxb4 Rg3+ 50.Kh4 Rxf3 51.Ra4 Ke5 52.Kg4 Re3 53.Kh5 Rxe4 54.
Rxa3 Kxd5 55.Kxh6 Kc4 56.Ra8 d5 57.Rc8+ Kb4 58.Kg5 d4 59.Kf5 Re7 60.a3+ 
Kb3 61.Rb8+ Kc3 62.Rc8+ Kd2 63.Rc4 d3 64.Rd4 Kc3 65.Rd8 d2 66.Rc8+ Kd3 0-1

[Event "7th American Continental (w)"]
[Site "Buenos Aires ARG"]
[Date "2014.03.28"]
[Round "8.9"]
[White "Vargas Talavera, Gabriela"]
[Black "Sanchez Castillo, Sarai"]
[Result "0-1"]
[WhiteElo "2143"]
[BlackElo "2226"]
[EventDate "2014.03.21"]
[PlyCount "102"]

1.d4 d5 2.Nf3 c6 3.e3 Nf6 4.b3 Bg4 5.Be2 Nbd7 6.Bb2 e6 7.O-O Bxf3 8.Bxf3 
Bd6 9.Nd2 h5 10.e4 dxe4 11.Nxe4 Nxe4 12.Bxe4 Qh4 13.Re1 Qxh2+ 14.Kf1 Nf6 
15.Bf3 Nd5 16.Bxd5 cxd5 17.Qf3 Rc8 18.c3 Rh6 19.Qh3 Qxh3 20.gxh3 Rf6 21.
Kg2 Bf4 22.Rad1 b5 23.Rd3 b4 24.Re2 Rg6+ 25.Kf3 Bd6 26.cxb4 Bxb4 27.a3 Bd6
28.b4 Rg1 29.Bc3 g5 30.Red2 f5 31.Ke2 Rc1 32.Bb2 Rb1 33.Bc3 Rc1 34.Bb2 
R1c4 35.Kf1 Bf4 36.Re2 Rc2 37.Rxc2 Rxc2 38.Bc3 Ra2 39.Be1 Bc1 40.Rc3 Bxa3 
41.Rc6 Ra1 42.Ke2 Kd7 43.Rc2 g4 44.hxg4 fxg4 45.Bc3 Rc1 46.Rxc1 Bxc1 47.b5
h4 48.Bb4 h3 49.Kf1 Bf4 50.Bc5 Bb8 51.Kg1 Ke8 0-1

[Event "7th American Continental (w)"]
[Site "Buenos Aires ARG"]
[Date "2014.03.28"]
[Round "8.10"]
[White "Zepeda Cortez, Lorena"]
[Black "Jorquera Cabello, Valentina"]
[Result "1-0"]
[WhiteElo "2196"]
[BlackElo "2027"]
[EventDate "2014.03.21"]
[PlyCount "129"]

1.e4 c5 2.Nf3 d6 3.d4 cxd4 4.Nxd4 Nf6 5.Nc3 Nc6 6.g3 e5 7.Nb3 Bg4 8.f3 Be6
9.Bg5 Be7 10.Bxf6 Bxf6 11.h4 O-O 12.Nd5 Bxd5 13.Qxd5 a5 14.c3 a4 15.Nd2 a3
16.b3 Qc7 17.Nc4 Be7 18.Rc1 Rfd8 19.Qd2 b5 20.Ne3 Qb7 21.Nd5 Rab8 22.Be2 
Bf8 23.b4 Ne7 24.Rd1 Rdc8 25.Qe3 Qc6 26.Nxe7+ Bxe7 27.Rd3 Rc7 28.Kd2 Rbc8 
29.Rc1 Qc4 30.Rc2 d5 31.Rxd5 Qc6 32.Rxb5 Qd7+ 33.Bd3 Rd8 34.Rd5 Qh3 35.
Rxd8+ Bxd8 36.Qf2 Rd7 37.Ke2 Qh1 38.c4 g5 39.hxg5 Bxg5 40.c5 Qb1 41.c6 Rc7
42.b5 Rc8 43.b6 Bd8 44.c7 Be7 45.Qe1 Qxb6 46.Qc3 Bd6 47.Qc6 Qb4 48.Qd7 
Rxc7 49.Rxc7 Bxc7 50.Qxc7 Qb2+ 51.Qc2 Qb4 52.Bc4 Kg7 53.Bb3 Qe7 54.Qc3 f6 
55.Qc4 Kh6 56.Qe6 Qd8 57.f4 exf4 58.gxf4 Qd4 59.Qd5 Qg1 60.Qd6 Qg2+ 61.Ke3
Qg3+ 62.Kd4 Qf2+ 63.Kd5 Kg7 64.Ke6 Qb2 65.Kf5 1-0

[Event "7th American Continental (w)"]
[Site "Buenos Aires ARG"]
[Date "2014.03.28"]
[Round "8.11"]
[White "Martyniuk, Carolina"]
[Black "Gomez Camacho, Micaela"]
[Result "0-1"]
[WhiteElo "1959"]
[BlackElo "1938"]
[EventDate "2014.03.21"]
[PlyCount "88"]

1.c4 c5 2.g3 g6 3.Bg2 Bg7 4.Nc3 Nc6 5.a3 e5 6.d3 Nge7 7.Bg5 f6 8.Be3 d6 9.
Nf3 Be6 10.Rb1 a5 11.O-O O-O 12.Ne1 Qd7 13.Nd5 Rab8 14.Nb6 Qc7 15.Nd5 Qd7 
16.Nc3 Bh3 17.Nc2 Bxg2 18.Kxg2 f5 19.f3 f4 20.Bf2 h5 21.b4 b6 22.bxc5 bxc5
23.Qd2 g5 24.Ne4 g4 25.Rb5 Ng6 26.Rfb1 Rbd8 27.Rb6 Bf6 28.Ne1 Be7 29.Rb7 
Qf5 30.Rc7 Nd4 31.Bxd4 exd4 32.Rbb7 Qe5 33.Qxa5 h4 34.fxg4 fxg3 35.hxg3 
hxg3 36.Nf3 Nf4+ 37.Kf1 Qh8 38.Ke1 Qh1+ 39.Kd2 Ra8 40.Rxe7 Rxa5 41.Rg7+ 
Kh8 42.Nxg3 Qh6 43.Nf5 Rxf5 44.gxf5 Ne6+ 0-1

[Event "7th American Continental (w)"]
[Site "Buenos Aires ARG"]
[Date "2014.03.28"]
[Round "8.12"]
[White "Meza, Anahi"]
[Black "Besso, Guadalupe"]
[Result "0-1"]
[WhiteElo "2078"]
[BlackElo "1882"]
[EventDate "2014.03.21"]
[PlyCount "55"]

1.d4 Nf6 2.c4 g6 3.Nc3 d5 4.cxd5 Nxd5 5.e4 Nxc3 6.bxc3 Bg7 7.Bc4 c5 8.Ne2 
Nc6 9.Be3 cxd4 10.cxd4 Qa5+ 11.Kf1 O-O 12.Rc1 Qa3 13.Rc3 Qd6 14.h4 Rd8 15.
h5 Na5 16.hxg6 hxg6 17.Bd3 Bd7 18.Qd2 Nc6 19.e5 Nxe5 20.dxe5 Bxe5 21.Bf4 
Bf5 22.Bxe5 Qxe5 23.Nc1 Rd6 24.Qe1 Bxd3+ 25.Rxd3 Qb5 26.Rh3 Rc8 27.Qd2 
Rxd3 28.Qxd3 0-1

[Event "7th American Continental (w)"]
[Site "Buenos Aires ARG"]
[Date "2014.03.29"]
[Round "9.1"]
[White "Zuriel, Marisa"]
[Black "Lujan, Carolina"]
[Result "1/2-1/2"]
[WhiteElo "2225"]
[BlackElo "2375"]
[EventDate "2014.03.21"]
[PlyCount "32"]

1.e4 c5 2.Nf3 Nc6 3.d4 cxd4 4.Nxd4 Nf6 5.Nc3 e5 6.Ndb5 d6 7.Bg5 a6 8.Na3 
b5 9.Nd5 Be7 10.Bxf6 Bxf6 11.c3 Bb7 12.Nc2 Nb8 13.Nce3 O-O 14.Nf5 Nd7 15.
g3 Nc5 16.Bg2 Na4 1/2-1/2

[Event "7th American Continental (w)"]
[Site "Buenos Aires ARG"]
[Date "2014.03.29"]
[Round "9.2"]
[White "Arribas Robaina, Maritza"]
[Black "Feliciano Ebert, Vanessa"]
[Result "1-0"]
[WhiteElo "2313"]
[BlackElo "2244"]
[EventDate "2014.03.21"]
[PlyCount "139"]

1.e4 c5 2.Nf3 Nc6 3.Bb5 g6 4.O-O Bg7 5.c3 Nf6 6.Re1 O-O 7.d3 Qc7 8.h3 d6 
9.Bg5 h6 10.Be3 e5 11.a4 Kh7 12.Na3 a6 13.Bc4 b6 14.Rc1 Bb7 15.Ba2 Ne7 16.
Nc4 Nh5 17.Bb1 Rae8 18.d4 exd4 19.cxd4 d5 20.exd5 Nxd5 21.dxc5 bxc5 22.
Ng5+ Kh8 23.Ne4 Nxe3 24.Rxe3 Bd4 25.Re1 Qf4 26.Qd2 Bd5 27.Ned6 Rxe1+ 28.
Rxe1 Qxd2 29.Nxd2 Nf4 30.Be4 Bxb2 31.Bxd5 Nxd5 32.N6c4 Bd4 33.Rb1 Nb4 34.
Kf1 Kg7 35.Ke2 Rd8 36.Rb3 Rd7 37.Rf3 Nd5 38.Rb3 Nc3+ 39.Kf3 Nxa4 40.Ra3 
Nb2 41.Rxa6 Nxc4 42.Nxc4 Rb7 43.Rc6 Rb3+ 44.Ne3 Rb1 45.Nc2 Rb3+ 46.Ne3 Rc3
47.Ke4 f5+ 48.Kf4 h5 49.Kg5 Bxe3+ 50.fxe3 Rxe3 51.Rc7+ Kf8 52.Kxg6 Re6+ 
53.Kg5 Re2 54.g4 hxg4 55.hxg4 Ra2 56.Kg6 c4 57.g5 Rg2 58.Rxc4 Rg1 59.Ra4 
Rg2 60.Ra8+ Ke7 61.Kh6 Rh2+ 62.Kg7 Rg2 63.g6 Rg1 64.Kh7 Rh1+ 65.Kg8 Rg1 
66.g7 Rb1 67.Ra7+ Kf6 68.Ra6+ Kg5 69.Re6 Ra1 70.Kf7 1-0

[Event "7th American Continental (w)"]
[Site "Buenos Aires ARG"]
[Date "2014.03.29"]
[Round "9.3"]
[White "Cori Tello, Deysi"]
[Black "Amura, Claudia"]
[Result "1-0"]
[WhiteElo "2428"]
[BlackElo "2305"]
[EventDate "2014.03.21"]
[PlyCount "47"]

1.d4 Nf6 2.Nf3 c5 3.e3 e6 4.Bd3 b6 5.O-O Bb7 6.c4 d6 7.Nc3 Nbd7 8.a4 Be7 
9.a5 h6 10.a6 Bc6 11.e4 d5 12.exd5 exd5 13.Ne5 Qc7 14.Nxc6 Qxc6 15.cxd5 
Nxd5 16.Bb5 Qe6 17.Nxd5 Qxd5 18.dxc5 Qxd1 19.Rxd1 O-O-O 20.cxb6 Nxb6 21.
Bf4 Rxd1+ 22.Rxd1 Bf6 23.Rc1+ Kd8 24.Bc7+ 1-0

[Event "7th American Continental (w)"]
[Site "Buenos Aires ARG"]
[Date "2014.03.29"]
[Round "9.4"]
[White "Martinez, Ayelen"]
[Black "Chumpitaz Carbajal, Ann"]
[Result "1-0"]
[WhiteElo "2109"]
[BlackElo "2189"]
[EventDate "2014.03.21"]
[PlyCount "57"]

1.e4 c5 2.Nf3 d6 3.Bb5+ Bd7 4.c4 g6 5.d4 Bxb5 6.cxb5 cxd4 7.Qxd4 Nf6 8.e5 
dxe5 9.Qxd8+ Kxd8 10.Nxe5 Ke8 11.Nc3 Bg7 12.Be3 Nbd7 13.Nxd7 Nxd7 14.Rc1 
e6 15.Ne4 b6 16.Ke2 Bxb2 17.Rc2 Be5 18.f4 Bg7 19.Rd1 Nf6 20.Nxf6+ Bxf6 21.
Rc7 Kf8 22.Rdd7 Bd8 23.Rxf7+ Ke8 24.Rxa7 Rc8 25.Rfb7 Rf8 26.Bxb6 Rxf4 27.
Bxd8 Kxd8 28.Rxh7 Ke8 29.b6 1-0

[Event "7th American Continental (w)"]
[Site "Buenos Aires ARG"]
[Date "2014.03.29"]
[Round "9.5"]
[White "Aliaga Fernandez, Ingrid"]
[Black "Paredes Bustamante, Paula"]
[Result "1/2-1/2"]
[WhiteElo "2185"]
[BlackElo "2018"]
[EventDate "2014.03.21"]
[PlyCount "68"]

1.e4 c5 2.Nf3 e6 3.c4 Nc6 4.Nc3 Nd4 5.Nxd4 cxd4 6.Ne2 Bc5 7.a3 Qf6 8.d3 d6
9.Ng3 g6 10.Be2 Ne7 11.h4 h6 12.Bd2 Bd7 13.Qc1 Qg7 14.b3 e5 15.Bf3 Bb6 16.
Ne2 Rc8 17.g4 Nc6 18.Ng3 Bd8 19.b4 Bxh4 20.Nf1 g5 21.Qd1 Qf6 22.Qe2 Nd8 
23.Ng3 Bxg3 24.fxg3 Ne6 25.a4 a5 26.bxa5 Nc5 27.O-O Qe6 28.Bb4 h5 29.gxh5 
g4 30.Bg2 Qh6 31.Bxc5 dxc5 32.Kf2 Qa6 33.Qd2 Rxh5 34.Rh1 Qf6+ 1/2-1/2

[Event "7th American Continental (w)"]
[Site "Buenos Aires ARG"]
[Date "2014.03.29"]
[Round "9.6"]
[White "Abarca Gonzalez, Damaris"]
[Black "Sanchez Zambrano, Vanessa"]
[Result "1-0"]
[WhiteElo "2023"]
[BlackElo "1913"]
[EventDate "2014.03.21"]
[PlyCount "103"]

1.e4 c5 2.Nc3 Nc6 3.g3 g6 4.Bg2 Bg7 5.d3 d6 6.Be3 e6 7.Qd2 Qa5 8.Nge2 Nd4 
9.Nc1 Ne7 10.O-O O-O 11.f4 Nec6 12.Nb3 Qc7 13.Nd1 Rb8 14.g4 Bd7 15.f5 exf5
16.gxf5 gxf5 17.Nxd4 cxd4 18.Bh6 Qd8 19.exf5 Qh4 20.Bg5 Qg4 21.f6 Rfe8 22.
Nf2 Qh5 23.fxg7 Re2 24.Qf4 Ne5 25.Ne4 Qg6 26.Rf2 Rxf2 27.Nxf2 Re8 28.Ne4 
Ng4 29.Nf6+ Nxf6 30.Qxf6 Re6 31.Qd8+ Kxg7 32.Qxd7 Qxg5 33.Rf1 Qg6 34.Rf3 
Re1+ 35.Kf2 Re3 36.Qh3 Qg5 37.Qg3 Re5 38.Qxg5+ Rxg5 39.Kf1 Rb5 40.b3 Ra5 
41.a4 Rc5 42.Rf2 b5 43.b4 Rh5 44.Bf3 Re5 45.a5 f5 46.Re2 Kf6 47.Rxe5 dxe5 
48.Bc6 Ke6 49.Bxb5 e4 50.Ke2 e3 51.Ba6 f4 52.b5 1-0